000 00505nam a2200157Ia 4500
008 220216s9999 xx 000 0 und d
100 _aKuriakose B
245 0 _aComparative study of the processibility and vulcanizate properties of solid block rubber with the conventional grades of dry natural rubber
260 _bRubber Board Bulletin
_c1976
300 _a72-75
650 _aBlock rubber
650 _aDry natural rubber
700 _aBalagopalan Nair M K
700 _aThomas E V
942 _cJS
999 _c55967
_d55967